000 00628nam a2200205 a 4500
999 _c2535
_d2535
001 2535
003 BD-JhCC
005 20171104170322.0
008 171104b1988 bg ||||| |||| 00| 0 ben d
035 _a(BD-JhCC)
040 _aBD-JhCC
_dBD-JhCC
041 _aben
082 _a891.4409
_bHAI 1988
100 _aহায়দার, রশীদ
245 _aস্মৃতি : ১০৭১ /
_cরশীদ হায়দার
260 _aঢাকা :
_bবাংলা একাডেমী ;
_c১৯৮৮
300 _a১৮৩ পৃ. ;
_c২০ সেমি
650 _aBengali literature
942 _2ddc
_cBK